LEADER 00999nam a2200241 u 4500 001 000000039306 003 CaOOAMICUS 005 20070226113956.0 008 980508s1935 it u000 u ita u 035 $a10794049 040 $aPUL(R)$bita 100 1 $aMorselli, Emanuele.$0(OLS)http://pul/name/29265 245 10$aTeoria generale della finanza pubblica :$bsaggio metodologico e giuridico /$cEmanuele Morselli. 260 $aPadova :$bCEDAM,$c1935. 300 $a235 p. ;$c24 cm 504 $aBibliografia in nota. 650 4$aFinanza pubblica.$0(OLS)http://pul/subject/18160 850 $aPUL 852 $aPUL$W1$xDP2 Diritto e Scienze Sociali 1$y65$m176 C 2$j53466$nBK-PRI$qStampati$B53466$CPULBib$Z2$F53466 $82 941 1 $a8 961 $aTimbri: Bibliotheca Pontificium Institutum Utriusque Iuris. 996 $6245$aTeoria generale della finanza pubblica :$bsaggio metodologico e giuridico$9(OLS)http://pul/title/53217 996 $6260$aPadova :$bCEDAM$9(OLS)http://pul/publisher/48126 LEADER 01051nam a2200277 a 4500 001 000000153630 003 CaOOAMICUS 005 20160907131228.0 008 160907s2004 it u000 u ita r 020 $a8888877185* 032 $aLibriCat 040 $aPUL$bita 100 1 $aPellicani, Luciano.$0(OLS)http://pul/name/9911 245 10$aJihad :$ble radici /$cLuciano Pellicani. 260 $aRoma :$bLuiss University Press,$c2004. 300 $a116 p. ;$c21 cm. 490 1 $aAgorą ;$v03 650 4$aFondamentalismo.$0(OLS)http://pul/subject/28277 830 0$aAgorą (Luiss University Press) ;$v03.$0(OLS)http://pul/title/193106 850 $aPUL 852 $aPUL$W1$xDP1 Fondo G. Barberini$y122$m4 A 18$j115626$qFondi$B179550$CPULBib$Z2$F179550 $HBar1731 $81 941 1 $a1 996 $6020$a8888877185*$9(OLS)http://pul/number/160950 996 $6245$aJihad :$ble radici$9(OLS)http://pul/title/193105 996 $6260$aRoma :$bLuiss University Press$9(OLS)http://pul/publisher/79725